Sports Quiz

Random Sports or Basketball Quiz

Big 12 College Basketball Quiz Stats

 Plays Quiz not verified by Sporcle

Challenge
Share
Tweet
Embed
Score 0/10 Timer 05:00
0 Plays Today
University % Correct
Kansas
97.3%
Oklahoma
97.3%
Oklahoma State
97.3%
Texas
97.3%
Texas Tech
97.3%
Baylor
94.6%
Kansas State
94.6%
Iowa State
91.9%
Texas Christian
89.2%
West Virginia
83.8%

You're not logged in!

Compare scores with friends on all Sporcle quizzes.
OR
Log In

You Might Also Like...

Show Comments

Extras

Top Quizzes Today


Score Distribution

Your Account Isn't Verified!

In order to create a playlist on Sporcle, you need to verify the email address you used during registration. Go to your Sporcle Settings to finish the process.

Report this User

Report this user for behavior that violates our Community Guidelines.

Details: